000 00729nam a2200277Ia 4500
005 20260324150412.0
008 008 260324s9999 xx 000 0 eng d
020 _a9781315125480
037 _aEBOOK
040 _aCRL
040 _beng
040 _cCRL
041 _2eng
041 _aeng
084 _qCRL
100 _aEthel Shanas; Peter Townsend; Dorothy Wedderburn; Henning Kristian Friis; Poul Milhoj; Jan Stehouwer
_91226296
245 0 _aOld People in Three Industrial Societies
260 _bTaylor and Francis
260 _c1968
365 _a
365 _b230
856 _uhttp://www.taylorfrancis.com/books/9781315125480
942 _cEBOOK
999 _c1835686
_d1835686